<?xml version="1.0" encoding="UTF-8"?><?xml-stylesheet type="text/xsl" href="static/style.xsl"?><OAI-PMH xmlns="http://www.openarchives.org/OAI/2.0/" xmlns:xsi="http://www.w3.org/2001/XMLSchema-instance" xsi:schemaLocation="http://www.openarchives.org/OAI/2.0/ http://www.openarchives.org/OAI/2.0/OAI-PMH.xsd"><responseDate>2026-06-01T19:57:06Z</responseDate><request verb="GetRecord" identifier="oai:riuma.uma.es:10630/41423" metadataPrefix="marc">https://riuma.uma.es/rest/oai/request</request><GetRecord><record><header><identifier>oai:riuma.uma.es:10630/41423</identifier><datestamp>2026-02-03T11:41:39Z</datestamp><setSpec>com_10630_2254</setSpec><setSpec>col_10630_37956</setSpec></header><metadata><record xmlns="http://www.loc.gov/MARC21/slim" xmlns:dcterms="http://purl.org/dc/terms/" xmlns:doc="http://www.lyncode.com/xoai" xmlns:xsi="http://www.w3.org/2001/XMLSchema-instance" xsi:schemaLocation="http://www.loc.gov/MARC21/slim http://www.loc.gov/standards/marcxml/schema/MARC21slim.xsd">
   <leader>00925njm 22002777a 4500</leader>
   <datafield ind2=" " ind1=" " tag="042">
      <subfield code="a">dc</subfield>
   </datafield>
   <datafield ind2=" " ind1=" " tag="720">
      <subfield code="a">García-Moreno, José Manuel</subfield>
      <subfield code="e">author</subfield>
   </datafield>
   <datafield ind2=" " ind1=" " tag="260">
      <subfield code="c">2022</subfield>
   </datafield>
   <datafield ind2=" " ind1=" " tag="520">
      <subfield code="a">Capítulo del libro "La gestión de la intimidad en la sociedad digital. Parejas y rupturas en la España actual", cuyos editores son Félix Requena y Luis Ayuso y publicado por la Fundación BBVA. El libro – monografía completa puede descargarse en el siguiente enlace: https://www.fbbva.es/publicaciones/la-gestion-de-la-intimidad-en-la-sociedad-digital/ En la monografía se lleva a cabo un análisis profundo de la forma en que las parejas españolas gestionan diferentes aspectos clave en su desarrollo, como es el caso de: los procesos de emparejamiento, las dinámicas de pareja y las rupturas. La clave de este libro es el abordaje que, desde la sociología, se hace de estos temas con sus consecuencias tanto en la estructura social española como en las tendencias de cambio social que se adivinan, y todo ello, con efectos en la calidad de vida de las personas implicadas. Tema poco estudiado hasta este momento. En el capítulo 12, PAREJAS Y NUEVAS TECNOLOGÍAS: LA INFLUENCIA DE LAS TIC EN LAS DINÁMICAS FAMILIARES Y DE PAREJA EN ESPAÑA, se analiza cómo estas TIC han alterado las dinámicas de pareja en la sociedad digital. Se estudia cómo es la influencia que las TIC han tenido en las dinámicas familiares en España, desde su formación, a la gestión del día a día mediada por estas tecnologías, y al enfrentamiento a nuevos riesgos o en los propios procesos de ruptura. Se profundiza en cómo el contexto de la sociedad red está configurando unos nuevos procesos de relación íntima. Se trabaja con resultados de entrevistas en profundidad y datos secundarios de Barómetros del Centro de Investigaciones Sociológicas (CIS) para conocer cuáles son las actitudes de las parejas españolas ante la presencia de las TIC tanto en la vida familiar como de pareja y los discursos que surgen en torno a dicha presencia cada vez más frecuente y en más aspectos del día a día.</subfield>
   </datafield>
   <datafield ind1="8" ind2=" " tag="024">
      <subfield code="a">García-Moreno, J.M. (2022). Parejas y nuevas tecnologías: la influencia de las TIC en las dinámicas familiares y de pareja en España. En Requena, F. y Ayuso, L. (Eds) "La gestión de la intimidad en la sociedad digital. Parejas y rupturas en la España actual". Bilbao: Fundación BBVA. pp. 409 - 444.</subfield>
   </datafield>
   <datafield ind1="8" ind2=" " tag="024">
      <subfield code="a">978-84-92937-90-5</subfield>
   </datafield>
   <datafield ind1="8" ind2=" " tag="024">
      <subfield code="a">https://hdl.handle.net/10630/41423</subfield>
   </datafield>
   <datafield tag="653" ind2=" " ind1=" ">
      <subfield code="a">Relaciones de pareja</subfield>
   </datafield>
   <datafield tag="653" ind2=" " ind1=" ">
      <subfield code="a">Familias</subfield>
   </datafield>
   <datafield tag="653" ind2=" " ind1=" ">
      <subfield code="a">Innovaciones tecnológicas - Aspectos sociales</subfield>
   </datafield>
   <datafield ind2="0" ind1="0" tag="245">
      <subfield code="a">Parejas y nuevas tecnologías: la influencia de las TIC en las dinámicas familiares y de pareja en España.</subfield>
   </datafield>
</record>
</metadata></record></GetRecord></OAI-PMH>